Premier League 2025/26 First XI - Statistics

General Stats
  • This quiz has been taken 1,113 times
  • The average score is 121 of 220
Answer Stats
Club Position Nationality Player % Correct
Wolverhampton GK José Sá
94%
Manchester United CM Bruno Fernandes
89%
Arsenal RW Bukayo Saka
88%
Arsenal GK David Raya
87%
Chelsea DM Enzo Fernández
86%
Manchester City FW Erling Haaland
86%
Arsenal CB Gabriel Magalhães
86%
Arsenal LW Gabriel Martinelli
86%
Chelsea RB Reece James
86%
Arsenal CB William Saliba
86%
Chelsea AM Cole Palmer
85%
Leeds United RW Daniel James
85%
Arsenal RM Martin Ødegaard
85%
Manchester United FW Matheus Cunha
85%
Chelsea DM Moisés Caicedo
85%
Chelsea GK Robert Sánchez
85%
Arsenal FW Viktor Gyökeres
85%
Liverpool RW Mohamed Salah
84%
Chelsea RW Pedro Neto
84%
Liverpool GK Alisson
83%
Manchester United WB Diogo Dalot
83%
Manchester City LW Jeremy Doku
83%
Chelsea FW João Pedro
83%
Liverpool CB Virgil van Dijk
83%
Arsenal RB Ben White
82%
Manchester United AM Bryan Mbeumo
82%
Manchester United CM Casemiro
82%
Liverpool LW Cody Gakpo
82%
Chelsea LB Marc Cucurella
82%
Manchester United CB Matthijs de Ligt
82%
Arsenal LB Riccardo Calafiori
82%
Manchester City CB Rúben Dias
82%
Manchester City LM Bernardo Silva
81%
Liverpool AM Florian Wirtz
81%
Liverpool FW Hugo Ekitike
81%
Liverpool DM Alexis Mac Allister
80%
Liverpool CB Ibrahima Konaté
80%
Manchester United CB Leny Yoro
80%
Arsenal CM Martín Zubimendi
80%
Tottenham FW Richarlison
80%
Manchester City CB John Stones
79%
Everton GK Jordan Pickford
79%
Liverpool LB Milos Kerkez
79%
Nottingham Forest FW Chris Wood
78%
Tottenham CB Cristian Romero
78%
Tottenham GK Guglielmo Vicario
78%
Liverpool RB Jeremie Frimpong
78%
Arsenal LM Declan Rice
77%
Crystal Palace AM Ismaila Sarr
77%
Crystal Palace FW Jean-Philippe Mateta
77%
Tottenham CB Micky van de Ven
77%
Aston Villa FW Ollie Watkins
77%
Newcastle United CM Sandro Tonali
76%
Manchester City GK James Trafford
75%
Tottenham RW Mohammed Kudus
75%
Newcastle United GK Nick Pope
75%
Manchester United WB Patrick Dorgu
75%
Liverpool DM Dominik Szoboszlai
74%
Brighton LW Kaoru Mitoma
74%
Manchester City RW Oscar Bobb
74%
Tottenham RB Pedro Porro
74%
Manchester City LB Rayan Aït-Nouri
74%
Manchester United GK Altay Bayındır
73%
Newcastle United FW Anthony Gordon
73%
Newcastle United CB Fabian Schär
72%
Manchester United AM Mason Mount
72%
Aston Villa RB Matty Cash
72%
Crystal Palace GK Dean Henderson
70%
Newcastle United RW Anthony Elanga
69%
Newcastle United RM Bruno Guimarães
69%
Manchester City RB Rico Lewis
69%
Manchester City RM Tijjani Reijnders
69%
Aston Villa DM Amadou Onana
68%
Crystal Palace AM Eberechi Eze
68%
Everton LW Iliman Ndiaye
68%
Newcastle United LM Joelinton
68%
Nottingham Forest GK Matz Sels
68%
Fulham FW Raúl Jiménez
68%
Tottenham LW Brennan Johnson
67%
Aston Villa LB Lucas Digne
67%
Crystal Palace CB Marc Guéhi
67%
Manchester United CB Luke Shaw
66%
Everton FW Beto
65%
Aston Villa CB Ezri Konsa
65%
Newcastle United RB Kieran Trippier
65%
Aston Villa AM Youri Tielemans
65%
Crystal Palace WB Daniel Muñoz
64%
Chelsea CB Trevoh Chalobah
64%
Brighton GK Bart Verbruggen
63%
Fulham GK Bernd Leno
63%
Newcastle United CB Dan Burn
63%
Sunderland CM Granit Xhaka
63%
Aston Villa RW John McGinn
63%
Tottenham LM Lucas Bergvall
63%
Bournemouth RM Antoine Semenyo
62%
West Ham AM Lucas Paquetá
62%
Aston Villa LW Morgan Rogers
62%
Crystal Palace CM Adam Wharton
61%
Nottingham Forest AM Morgan Gibbs-White
61%
Nottingham Forest CB Murillo
61%
Newcastle United LW Harvey Barnes
60%
Everton CB James Tarkowski
60%
West Ham FW Niclas Füllkrug
60%
Nottingham Forest CB Nikola Milenković
60%
Newcastle United LB Valentino Livramento
60%
West Ham FW Jarrod Bowen
59%
Crystal Palace CB Maxence Lacroix
59%
Nottingham Forest RB Ola Aina
59%
Fulham LW Alex Iwobi
58%
Aston Villa DM Boubacar Kamara
58%
Brentford GK Caoimhín Kelleher
58%
Brentford FW Thiago
58%
Aston Villa CB Tyrone Mings
58%
Bournemouth FW Evanilson
57%
Fulham RW Harry Wilson
56%
Nottingham Forest LB Neco Williams
56%
Manchester City CM Nicolás González
56%
Everton CB Michael Keane
54%
Bournemouth DM Tyler Adams
54%
Tottenham LB Djed Spence
53%
Wolverhampton FW Jørgen Strand Larsen
53%
Burnley GK Martin Dúbravka
53%
Brighton RW Yankuba Minteh
53%
Crystal Palace CB Chris Richards
52%
Nottingham Forest DM Elliot Anderson
52%
Chelsea LW Jamie Gittens
52%
Brighton CB Lewis Dunk
52%
Bournemouth GK Đorđe Petrović
51%
Bournemouth CB Marcos Senesi
51%
Brighton DM Carlos Baleba
50%
Fulham CB Joachim Andersen
50%
Wolverhampton CM João Gomes
50%
Wolverhampton CB Toti Gomes
50%
Leeds United LW Wilfried Gnonto
49%
Bournemouth RB Adam Smith
48%
West Ham CB Nayef Aguerd
48%
Crystal Palace WB Tyrick Mitchell
48%
Nottingham Forest RW Dan Ndoye
47%
Nottingham Forest DM Ibrahim Sangaré
47%
Everton LB James Garner
47%
Nottingham Forest LW Callum Hudson-Odoi
46%
Burnley CB Kyle Walker
45%
Brentford CB Nathan Collins
45%
Crystal Palace CM Will Hughes
45%
Aston Villa GK Marco Bizot
44%
Fulham DM Sander Berge
44%
Fulham LB Calvin Bassey
43%
Brighton FW Georginio Rutter
43%
Fulham RB Kenny Tete
43%
Tottenham CM Archie Gray
41%
Fulham DM Saša Lukić
41%
Leeds United RM Ao Tanaka
40%
Everton RB Jake O'Brien
40%
Leeds United CB Pascal Struijk
40%
Bournemouth LB Adrien Truffert
37%
West Ham CB Jean-Clair Todibo
37%
Everton AM Kiernan Dewsbury-Hall
37%
West Ham GK Mads Hermansen
37%
Brentford DM Mathias Jensen
37%
Sunderland GK Robin Roefs
37%
West Ham WB Aaron Wan-Bissaka
36%
Leeds United FW Joël Piroe
36%
Leeds United CB Joe Rodon
36%
Burnley FW Lyle Foster
36%
Brighton LB Maxim De Cuyper
36%
West Ham CB Max Kilman
36%
Sunderland LW Simon Adingra
36%
Everton RW Carlos Alcaraz
35%
Leeds United LM Anton Stach
34%
Leeds United CM Ethan Ampadu
34%
Leeds United GK Lucas Perri
34%
Wolverhampton CM André
33%
Brentford LW Fabio Carvalho
33%
Brentford LB Rico Henry
33%
Brighton DM Yasin Ayari
33%
Bournemouth CM Alex Scott
32%
Bournemouth LM David Brooks
32%
Burnley RM Hannibal Mejbri
32%
Brentford RB Michael Kayode
32%
Brentford CB Sepp van den Berg
32%
Sunderland CB Daniel Ballard
31%
Wolverhampton CB Matt Doherty
31%
West Ham CM Guido Rodríguez
30%
West Ham CM James Ward-Prowse
30%
Bournemouth CM Marcus Tavernier
29%
Tottenham RM Pape Matar Sarr
29%
Sunderland LB Reinildo Mandava
29%
Leeds United LB Gabriel Gudmundsson
28%
Burnley CB Maxime Estève
28%
Chelsea CB Joshua Acheampong
27%
Brentford RW Keane Lewis-Potter
27%
Bournemouth CB Bafodé Diakité
26%
Brighton AM Matt O'Riley
26%
Everton DM Idrissa Gana Gueye
25%
Wolverhampton LW Jean-Ricner Bellegarde
25%
Burnley CM Josh Cullen
25%
Burnley LM Jaidon Anthony
24%
Leeds United RB Jayden Bogle
24%
Fulham AM Joshua King
24%
Sunderland FW Eliezer Mayenda
23%
Wolverhampton CB Emmanuel Agbadou
22%
Wolverhampton RW Marshall Munetsi
21%
Sunderland RB Trai Hume
21%
Sunderland RM Habib Diarra
20%
Fulham CB Jorge Cuenca
20%
Brighton RB Mats Wieffer
20%
Brentford DM Yehor Yarmoliuk
20%
Sunderland RW Chemsdine Talbi
19%
Wolverhampton RM Ki-Jana Hoever
19%
Sunderland LM Noah Sadiki
19%
Brighton CB Jan Paul van Hecke
18%
Burnley LB Quilindschy Hartman
18%
Burnley CB Hjalmar Ekdal
17%
Everton DM Tim Iroegbunam
17%
Wolverhampton LM David Møller Wolfe
12%
Brentford AM Antoni Milambo
11%
West Ham WB El Hadji Diouf
11%
Burnley RB Oliver Sonne
8%
Burnley CM Josh Laurent
6%
Sunderland CB Jenson Seelt
5%
No matching quizzes found
Score Distribution
Percent of People with Each Score
Percentile by Number Answered
Your Score History
You have not taken this quiz